THE DOGS OF WAR (Record no. 3237)
[ view plain ]
| 000 -LEADER | |
|---|---|
| fixed length control field | 00540nam a22001457a 4500 |
| 020 ## - INTERNATIONAL STANDARD BOOK NUMBER | |
| ISBN | 0-553-26846-5 |
| 082 ## - DEWEY DECIMAL CLASSIFICATION NUMBER | |
| Classification number | 823 |
| Item number | FOR/D |
| 100 ## - MAIN ENTRY--AUTHOR NAME | |
| Personal name | FORSYTH,FREDERICK |
| 245 ## - TITLE STATEMENT | |
| Title | THE DOGS OF WAR |
| 260 ## - PUBLICATION, DISTRIBUTION, ETC. (IMPRINT) | |
| Place of publication | LONDON |
| Name of publisher | BANTAM BOOKS |
| 300 ## - PHYSICAL DESCRIPTION | |
| Number of Pages | 369 |
| 520 ## - SUMMARY, ETC. | |
| Summary, etc | The Dogs of War (1974) is a war novel by British writer Frederick Forsyth, featuring a small group of European mercenary soldiers hired by a British industrialist to depose the government of the fictional African country of Zangaro. |
| 650 ## - SUBJECT ADDED ENTRY--TOPICAL TERM | |
| Topical Term | ENGLISH NOVEL |
| Geographic subdivision | LONDON |
| 942 ## - ADDED ENTRY ELEMENTS (KOHA) | |
| Koha item type | Books |
| Withdrawn status | Lost status | Collection code | Home library | Current library | Shelving location | Date acquired | Source of acquisition | Full call number | Accession Number | Koha item type |
|---|---|---|---|---|---|---|---|---|---|---|
| Fiction | Main Library | Main Library | SHELF-2-I ENGLIAH NOVEL TEACHERS | 15/06/2009 | PURCHASE | 823 FOR/D | 04842 | Books |